| 000 | 01025cam a2200313 a 4500 | ||
|---|---|---|---|
| 001 | 1582 | ||
| 005 | 20260311091916.0 | ||
| 020 | _a9780439672443 | ||
| 040 |
_aDLC _cDLC _dDLC _beng |
||
| 050 | 0 | 0 |
_aPZ7.D6475 _bFi 2001 |
| 082 | 0 | 0 |
_aFic _222 |
| 100 | 1 | _aD'Lacey, Chris. | |
| 245 | 1 | 4 |
_aThe fire within / _cChris D'Lacey. |
| 250 | _a1st Scholastic ed. | ||
| 260 |
_aNew York : _bScholastic _c2001 |
||
| 300 |
_a340 pages : _c20 cm |
||
| 500 | _aSequel: Icefire. | ||
| 505 | _aO | ||
| 520 | _aWhen college student David Rain rents a room in an unusual boardinghouse full of clay dragons, he has no idea that they, along with some lively squirrels, will help jumpstart his writing career. | ||
| 521 |
_a630
_bLexile |
||
| 521 |
_aO
_bRaz-Plus |
||
| 650 | 1 |
_aSupernatural _vFiction. |
|
| 650 | 1 |
_aSquirrels _vFiction. |
|
| 650 | 1 |
_aDragons _vFiction. |
|
| 650 | 1 |
_aAuthorship _vFiction. |
|
| 650 | 1 |
_aBoardinghouses _vFiction. |
|
| 906 |
_a7 _bcbc _corignew _d1 _eocip _f20 _gy-gencatlg |
||
| 942 |
_2ddc _cBK _n0 |
||
| 999 |
_c1582 _d1582 |
||